Statistics for Tropic of Capricorn Countries

Click here to take the quiz!

General Stats

  • This quiz has been taken 166 times
  • The average score is 9 of 10

Answer Stats

Country % Correct
Argentina
98%
Australia
97%
Chile
96%
Brazil
92%
South Africa
92%
Namibia
90%
Botswana
87%
Mozambique
87%
Madagascar
86%
Paraguay
81%

Score Distribution

Percentile by Number Answered

Percent of People with Each Score

Your Score History

You have not taken this quiz